Tratado de filosofía : psicología /

La obra completa consta de cuatro volúmenes, disponibles en biblioteca: V.1 Lógica y cosmología; V. 2 Psicología; V. 3 Metafísica; V. 4 Moral. En este segundo volumen desarrolla el siguiente contenido: Parte I La vida sensible: 1) El conocimiento sensible; 2) La vida afectiva. Parte II La vida intel...

Descrizione completa

Salvato in:
Dettagli Bibliografici
Autore principale: Jolivet, Régis (autor)
Natura: Libro
Lingua:spagnolo
Pubblicazione: Buenos Aires, Argentina : Carlos Lohlé, 1956, c1956
Soggetti:
Tags: Aggiungi Tag
Nessun Tag, puoi essere il primo ad aggiungerne!!

MARC

LEADER 00000nam^a2200000^a^4500
001 000008121
005 20250521000000.0
009 20260526112944.715
037 |a Acervo ITESO - Biblioteca 
041 |a ESP 
082 |a 100.  |b JOL V. 2 
100 |a Jolivet, Régis  |e (autor) 
240 1 1 |a [Tratado de filosofía] 
245 1 0 |a Tratado de filosofía :  |b psicología /  |c R. Jolivet ; tr. por Leandro de Sesma. 
264 4 |a Buenos Aires, Argentina :  |b Carlos Lohlé,  |c 1956, c1956 
300 |a 645 p. 
336 |a texto  |b txt  |2 rdacontenido 
337 |a sin mediación  |b n  |2 rdamedio 
338 |a volumen  |b nc  |2 rdasoporte 
520 |a La obra completa consta de cuatro volúmenes, disponibles en biblioteca: V.1 Lógica y cosmología; V. 2 Psicología; V. 3 Metafísica; V. 4 Moral. En este segundo volumen desarrolla el siguiente contenido: Parte I La vida sensible: 1) El conocimiento sensible; 2) La vida afectiva. Parte II La vida intelectual: 1) El conocimiento intelectual; 2) La vida voluntaria. Parte III El sujeto psicológico: 1) El sujeto empírico; 2) El alma humana. 
649 |a XX 
650 |a Conocimiento 
650 |a Inteligencia 
650 |a Sentidos y Sensaciones 
650 |a Epistemología 
650 |a Voluntad 
650 |a Yo (Psicoanálisis) 
650 |a Personalidad 
650 |a Alma y Cuerpo 
650 |a Psicología -  |x Tema Principal 
910 |a Fondo General 
920 |a Impresos - Libros 
930 |a Colección General 
905 |a 101 
901 |a 0081210100  |b IT1  |c ACC  |i 008121  |u 20250521 
902 |a https://opac.biblio.iteso.mx/vufind/Record/000008121